000
00220 a2200097 4500
001
29109
100
_a
Nadvi S.M
245
_a
Geographical history of the Quran
260
_a
_b
Muhammad Ashraf
_c
090
_c
19438
_d
19438
942
_a
NUST-CAE
_c
M
_c
10489
999
_c
264182
_d
264182